000 00727nam a2200289Ia 4500
005 20260324141543.0
008 008 260324s9999 xx 000 0 eng d
020 _a9780429459429
037 _aEBOOK
040 _aCRL
040 _beng
040 _cCRL
041 _2eng
041 _aeng
084 _qCRL
100 _aAndreas Klinke; Ortwin Renn; Jean-Paul Lehners
_91208621
245 0 _aEthnic Conflicts and Civil Society
245 0 _bProposals for a New Era in Eastern Europe
260 _bTaylor and Francis
260 _c1997
365 _a
365 _b180
856 _uhttp://www.taylorfrancis.com/books/9780429459429
942 _cEBOOK
999 _c1811845
_d1811845